[Event "ODJM A 2025"]
[Site "Willingen GER"]
[Date "2025.06.13"]
[Round "8"]
[White "Uhlmann, Tim"]
[Black "Werner, Florin"]
[Result "1-0"]
[Termination "normal"]
[Board "11"]
[WhiteElo "2118"]
[BlackElo "1970"]
[WhiteClock "00:53:08"]
[BlackClock "00:14:48"]
[PlyCount "93"]
[WhiteFideId "16239210"]
[BlackFideId "16250230"]
[EventCountry "GER"]
[EventRounds "9"]
[EventType "swiss"]
[EventDate "2025.06.07"]

1. a3 {[%clk 01:30:59]} {[%emt 00:00:02]} Nf6 {[%clk 01:29:56]} {[%emt
00:01:04]} 2. Nf3 {[%clk 01:31:02]} {[%emt 00:00:27]} c5 {[%clk 01:28:49]}
{[%emt 00:01:37]} 3. c4 {[%clk 01:31:25]} {[%emt 00:00:07]} e6 {[%clk
01:28:33]} {[%emt 00:00:45]} 4. e3 {[%clk 01:30:53]} {[%emt 00:01:02]} d5
{[%clk 01:26:09]} {[%emt 00:02:54]} 5. cxd5 {[%clk 01:31:17]} {[%emt 00:00:06]}
Nxd5 {[%clk 01:21:24]} {[%emt 00:05:15]} 6. Nc3 {[%clk 01:31:23]} {[%emt
00:00:24]} Nc6 {[%clk 01:21:16]} {[%emt 00:00:38]} 7. Be2 {[%clk 01:29:41]}
{[%emt 00:02:13]} Be7 {[%clk 01:19:24]} {[%emt 00:02:21]} 8. O-O {[%clk
01:30:01]} {[%emt 00:00:11]} O-O {[%clk 01:19:41]} {[%emt 00:00:12]} 9. Qc2
{[%clk 01:28:02]} {[%emt 00:02:29]} b6 {[%clk 01:14:35]} {[%emt 00:05:36]} 10.
b3 {[%clk 01:23:41]} {[%emt 00:04:51]} Bb7 {[%clk 01:13:55]} {[%emt 00:01:11]}
11. Bb2 {[%clk 01:24:01]} {[%emt 00:00:11]} Rc8 {[%clk 01:13:36]} {[%emt
00:00:47]} 12. Rac1 {[%clk 01:22:25]} {[%emt 00:02:07]} Bf6 {[%clk 01:07:38]}
{[%emt 00:06:27]} 13. Rfd1 {[%clk 01:20:53]} {[%emt 00:02:03]} Re8 {[%clk
01:01:14]} {[%emt 00:06:54]} 14. Qb1 {[%clk 01:19:33]} {[%emt 00:01:49]} Qe7
{[%clk 00:54:49]} {[%emt 00:06:54]} 15. Nxd5 {[%clk 01:17:14]} {[%emt
00:02:51]} exd5 {[%clk 00:55:10]} {[%emt 00:00:09]} 16. Bxf6 {[%clk 01:16:05]}
{[%emt 00:01:39]} Qxf6 {[%clk 00:55:34]} {[%emt 00:00:06]} 17. d4 {[%clk
01:16:13]} {[%emt 00:00:22]} Ne7 {[%clk 00:47:04]} {[%emt 00:08:59]} 18. dxc5
{[%clk 01:15:39]} {[%emt 00:01:04]} bxc5 {[%clk 00:47:21]} {[%emt 00:00:13]}
19. b4 {[%clk 01:14:52]} {[%emt 00:01:17]} Ba6 {[%clk 00:39:04]} {[%emt
00:08:47]} 20. Bxa6 {[%clk 01:11:25]} {[%emt 00:03:57]} Qxa6 {[%clk 00:37:14]}
{[%emt 00:02:21]} 21. bxc5 {[%clk 01:11:26]} {[%emt 00:00:28]} Qxa3 {[%clk
00:36:16]} {[%emt 00:01:28]} 22. Qb5 {[%clk 01:11:01]} {[%emt 00:00:57]} Nc6
{[%clk 00:35:36]} {[%emt 00:01:09]} 23. Nd4 {[%clk 01:08:17]} {[%emt 00:03:13]}
Nxd4 {[%clk 00:25:32]} {[%emt 00:10:35]} 24. exd4 {[%clk 01:07:17]} {[%emt
00:01:30]} g6 {[%clk 00:25:13]} {[%emt 00:00:48]} 25. h3 {[%clk 01:06:27]}
{[%emt 00:01:20]} a5 {[%clk 00:21:50]} {[%emt 00:03:53]} 26. Ra1 {[%clk
01:05:05]} {[%emt 00:01:52]} Qc3 {[%clk 00:22:01]} {[%emt 00:00:18]} 27. Qxa5
{[%clk 01:05:01]} {[%emt 00:00:36]} Qb2 {[%clk 00:21:59]} {[%emt 00:00:31]} 28.
Qa2 {[%clk 01:00:12]} {[%emt 00:05:19]} Re2 {[%clk 00:20:18]} {[%emt 00:02:11]}
29. Qxd5 {[%clk 00:58:11]} {[%emt 00:02:32]} Rxf2 {[%clk 00:19:50]} {[%emt
00:00:57]} 30. Rf1 {[%clk 00:57:10]} {[%emt 00:01:31]} Re8 {[%clk 00:20:15]}
{[%emt 00:00:05]} 31. Rxf2 {[%clk 00:57:27]} {[%emt 00:00:14]} Qxa1+ {[%clk
00:20:40]} {[%emt 00:00:04]} 32. Kh2 {[%clk 00:55:18]} {[%emt 00:02:40]} Qa7
{[%clk 00:21:04]} {[%emt 00:00:06]} 33. Rf6 {[%clk 00:46:20]} {[%emt 00:09:27]}
Kg7 {[%clk 00:18:10]} {[%emt 00:03:24]} 34. Rd6 {[%clk 00:44:08]} {[%emt
00:02:43]} Re1 {[%clk 00:15:54]} {[%emt 00:02:45]} 35. Qf3 {[%clk 00:42:11]}
{[%emt 00:02:26]} Qe7 {[%clk 00:11:56]} {[%emt 00:04:29]} 36. Rb6 {[%clk
00:34:45]} {[%emt 00:07:57]} Qc7+ {[%clk 00:07:47]} {[%emt 00:04:38]} 37. g3
{[%clk 00:34:44]} {[%emt 00:00:30]} Qa7 {[%clk 00:04:01]} {[%emt 00:04:17]} 38.
Rb2 {[%clk 00:33:09]} {[%emt 00:02:05]} h5 {[%clk 00:02:27]} {[%emt 00:02:04]}
39. h4 {[%clk 00:31:42]} {[%emt 00:01:58]} Re7 {[%clk 00:00:39]} {[%emt
00:02:17]} 40. Rd2 {[%clk 00:30:06]} {[%emt 00:02:06]} Qa5 {[%clk 00:00:47]}
{[%emt 00:00:24]} 41. Rf2 {[%clk 00:25:58]} {[%emt 00:04:36]} Qc7 {[%clk
00:26:53]} {[%emt 00:04:24]} 42. c6 {[%clk 00:54:01]} {[%emt 00:02:27]} Qd6
{[%clk 00:24:41]} {[%emt 00:02:41]} 43. d5 {[%clk 00:53:17]} {[%emt 00:01:15]}
Rc7 {[%clk 00:20:15]} {[%emt 00:04:55]} 44. Qf4 {[%clk 00:52:50]} {[%emt
00:00:58]} Qxf4 {[%clk 00:16:21]} {[%emt 00:04:24]} 45. Rxf4 {[%clk 00:53:12]}
{[%emt 00:00:09]} Kf8 {[%clk 00:16:04]} {[%emt 00:00:47]} 46. Re4 {[%clk
00:53:40]} {[%emt 00:00:02]} f6 {[%clk 00:14:48]} {[%emt 00:01:45]} 47. d6
{[%clk 00:53:08]} {[%emt 00:01:02]} 1-0

[Event "ODJM A 2025"]
[Site "Willingen GER"]
[Date "2025.06.13"]
[Round "8"]
[White "Müller, Mark"]
[Black "Ruddat, Jarne"]
[Result "1/2-1/2"]
[Termination "normal"]
[Board "12"]
[WhiteElo "2029"]
[BlackElo "1925"]
[WhiteClock "00:12:59"]
[BlackClock "00:17:38"]
[PlyCount "70"]
[WhiteFideId "12997218"]
[BlackFideId "16254236"]
[EventCountry "GER"]
[EventRounds "9"]
[EventType "swiss"]
[EventDate "2025.06.07"]

1. e4 {[%clk 01:30:58]} {[%emt 00:00:02]} e6 {[%clk 01:30:55]} {[%emt
00:00:06]} 2. d4 {[%clk 01:31:24]} {[%emt 00:00:03]} d5 {[%clk 01:31:21]}
{[%emt 00:00:04]} 3. Nd2 {[%clk 01:31:50]} {[%emt 00:00:04]} Be7 {[%clk
01:31:45]} {[%emt 00:00:06]} 4. Ngf3 {[%clk 01:29:35]} {[%emt 00:02:45]} Nf6
{[%clk 01:31:59]} {[%emt 00:00:17]} 5. e5 {[%clk 01:28:32]} {[%emt 00:01:33]}
Nfd7 {[%clk 01:32:21]} {[%emt 00:00:08]} 6. Bd3 {[%clk 01:27:33]} {[%emt
00:01:28]} c5 {[%clk 01:32:44]} {[%emt 00:00:07]} 7. c3 {[%clk 01:27:58]}
{[%emt 00:00:06]} Nc6 {[%clk 01:33:09]} {[%emt 00:00:05]} 8. O-O {[%clk
01:27:50]} {[%emt 00:00:38]} g5 {[%clk 01:33:22]} {[%emt 00:00:16]} 9. Bb5
{[%clk 01:08:17]} {[%emt 00:20:03]} g4 {[%clk 01:17:51]} {[%emt 00:16:01]} 10.
Ne1 {[%clk 01:03:54]} {[%emt 00:04:53]} cxd4 {[%clk 01:16:59]} {[%emt
00:01:22]} 11. Bxc6 {[%clk 01:01:23]} {[%emt 00:03:01]} bxc6 {[%clk 01:17:23]}
{[%emt 00:00:06]} 12. cxd4 {[%clk 01:01:48]} {[%emt 00:00:05]} Ba6 {[%clk
01:16:35]} {[%emt 00:01:18]} 13. Qxg4 {[%clk 01:02:09]} {[%emt 00:00:09]} Qb6
{[%clk 01:14:47]} {[%emt 00:02:12]} 14. Nb3 {[%clk 00:54:16]} {[%emt 00:08:28]}
Bxf1 {[%clk 01:12:55]} {[%emt 00:02:23]} 15. Kxf1 {[%clk 00:54:39]} {[%emt
00:00:06]} O-O-O {[%clk 01:11:51]} {[%emt 00:01:35]} 16. Bd2 {[%clk 00:50:19]}
{[%emt 00:04:50]} Bb4 {[%clk 01:08:56]} {[%emt 00:03:25]} 17. Bxb4 {[%clk
00:48:04]} {[%emt 00:02:45]} Qxb4 {[%clk 01:09:21]} {[%emt 00:00:05]} 18. Rc1
{[%clk 00:40:44]} {[%emt 00:07:48]} Kb8 {[%clk 00:58:18]} {[%emt 00:11:35]} 19.
Qe2 {[%clk 00:39:47]} {[%emt 00:01:25]} Rc8 {[%clk 00:52:20]} {[%emt 00:06:30]}
20. Nd3 {[%clk 00:38:06]} {[%emt 00:02:11]} Qb5 {[%clk 00:50:59]} {[%emt
00:01:51]} 21. Kg1 {[%clk 00:34:17]} {[%emt 00:04:13]} Rc7 {[%clk 00:47:35]}
{[%emt 00:04:00]} 22. Qd2 {[%clk 00:32:24]} {[%emt 00:02:22]} Ka8 {[%clk
00:39:11]} {[%emt 00:08:55]} 23. Nbc5 {[%clk 00:30:51]} {[%emt 00:02:03]} Nxc5
{[%clk 00:33:39]} {[%emt 00:06:03]} 24. Nxc5 {[%clk 00:31:00]} {[%emt
00:00:20]} Rb8 {[%clk 00:32:22]} {[%emt 00:01:46]} 25. b3 {[%clk 00:28:02]}
{[%emt 00:03:29]} Rcc8 {[%clk 00:31:13]} {[%emt 00:01:39]} 26. Qc2 {[%clk
00:22:21]} {[%emt 00:06:12]} Qa5 {[%clk 00:26:32]} {[%emt 00:05:10]} 27. Rd1
{[%clk 00:21:43]} {[%emt 00:01:06]} Rb4 {[%clk 00:24:53]} {[%emt 00:02:11]} 28.
g3 {[%clk 00:19:48]} {[%emt 00:02:24]} Rh8 {[%clk 00:22:30]} {[%emt 00:02:55]}
29. Qc3 {[%clk 00:18:42]} {[%emt 00:01:31]} Rb5 {[%clk 00:18:43]} {[%emt
00:04:22]} 30. Qxa5 {[%clk 00:15:05]} {[%emt 00:04:07]} Rxa5 {[%clk 00:19:09]}
{[%emt 00:00:04]} 31. a4 {[%clk 00:15:20]} {[%emt 00:00:15]} Rb8 {[%clk
00:19:33]} {[%emt 00:00:06]} 32. Rd3 {[%clk 00:14:36]} {[%emt 00:01:11]} Rb4
{[%clk 00:19:30]} {[%emt 00:00:36]} 33. Kf1 {[%clk 00:13:27]} {[%emt 00:01:37]}
Kb8 {[%clk 00:18:54]} {[%emt 00:01:08]} 34. Ke2 {[%clk 00:12:59]} {[%emt
00:00:58]} Kc7 {[%clk 00:18:46]} {[%emt 00:00:38]} 35. Ke3 {[%clk 00:12:59]}
{[%emt 00:00:28]} Rxc5 {[%clk 00:17:38]} {[%emt 00:01:40]} 1/2-1/2

[Event "ODJM A 2025"]
[Site "Willingen GER"]
[Date "2025.06.13"]
[Round "8"]
[White "Melde, Benjamin"]
[Black "Hofmann, Benjamin"]
[Result "1/2-1/2"]
[Termination "normal"]
[Board "13"]
[WhiteElo "2065"]
[BlackElo "1944"]
[WhiteClock "00:21:28"]
[BlackClock "00:20:51"]
[PlyCount "43"]
[WhiteFideId "12958816"]
[BlackFideId "16270266"]
[EventCountry "GER"]
[EventRounds "9"]
[EventType "swiss"]
[EventDate "2025.06.07"]

1. c4 {[%clk 01:30:56]} {[%emt 00:00:04]} e6 {[%clk 01:30:52]} {[%emt
00:00:09]} 2. g3 {[%clk 01:31:20]} {[%emt 00:00:06]} Nf6 {[%clk 01:31:08]}
{[%emt 00:00:14]} 3. Bg2 {[%clk 01:31:41]} {[%emt 00:00:09]} Be7 {[%clk
01:31:14]} {[%emt 00:00:24]} 4. Nf3 {[%clk 01:31:36]} {[%emt 00:00:35]} d5
{[%clk 01:31:24]} {[%emt 00:00:19]} 5. O-O {[%clk 01:31:56]} {[%emt 00:00:11]}
O-O {[%clk 01:31:43]} {[%emt 00:00:12]} 6. d4 {[%clk 01:32:16]} {[%emt
00:00:10]} dxc4 {[%clk 01:31:47]} {[%emt 00:00:25]} 7. Na3 {[%clk 01:32:38]}
{[%emt 00:00:09]} a6 {[%clk 01:18:45]} {[%emt 00:13:32]} 8. Nxc4 {[%clk
01:30:19]} {[%emt 00:02:49]} Nc6 {[%clk 01:09:30]} {[%emt 00:09:44]} 9. Nce5
{[%clk 00:58:46]} {[%emt 00:32:04]} Bd7 {[%clk 00:56:19]} {[%emt 00:13:41]} 10.
b3 {[%clk 00:57:29]} {[%emt 00:01:47]} Nd5 {[%clk 00:46:38]} {[%emt 00:10:11]}
11. Bb2 {[%clk 00:57:21]} {[%emt 00:00:38]} Bf6 {[%clk 00:44:48]} {[%emt
00:02:19]} 12. Ng4 {[%clk 00:54:46]} {[%emt 00:03:04]} Be7 {[%clk 00:40:31]}
{[%emt 00:04:48]} 13. Rc1 {[%clk 00:52:10]} {[%emt 00:03:07]} f5 {[%clk
00:38:51]} {[%emt 00:02:09]} 14. Nge5 {[%clk 00:52:20]} {[%emt 00:00:20]} Bf6
{[%clk 00:38:16]} {[%emt 00:01:05]} 15. Nxd7 {[%clk 00:43:51]} {[%emt
00:09:00]} Qxd7 {[%clk 00:38:10]} {[%emt 00:00:35]} 16. Ne5 {[%clk 00:44:13]}
{[%emt 00:00:08]} Nxe5 {[%clk 00:26:59]} {[%emt 00:11:41]} 17. dxe5 {[%clk
00:44:31]} {[%emt 00:00:13]} Be7 {[%clk 00:25:01]} {[%emt 00:02:28]} 18. e4
{[%clk 00:39:01]} {[%emt 00:06:00]} fxe4 19. Bxe4 {[%clk 00:39:29]} c6 {[%clk
00:24:29]} {[%emt 00:01:20]} 20. h4 {[%clk 00:38:31]} {[%emt 00:01:28]} Qe8
{[%clk 00:22:16]} {[%emt 00:02:42]} 21. Qg4 {[%clk 00:34:06]} {[%emt 00:04:55]}
Qf7 {[%clk 00:20:51]} {[%emt 00:01:55]} 22. h5 {[%clk 00:21:28]} {[%emt
00:13:08]} 1/2-1/2

[Event "ODJM A 2025"]
[Site "Willingen GER"]
[Date "2025.06.13"]
[Round "8"]
[White "Astner, Sebastian"]
[Black "Paeslack, Luis"]
[Result "1/2-1/2"]
[Termination "normal"]
[Board "14"]
[WhiteElo "1930"]
[BlackElo "2091"]
[WhiteClock "00:42:50"]
[BlackClock "00:47:55"]
[PlyCount "61"]
[WhiteFideId "12979422"]
[BlackFideId "12987760"]
[EventCountry "GER"]
[EventRounds "9"]
[EventType "swiss"]
[EventDate "2025.06.07"]

1. e4 {[%clk 01:30:55]} {[%emt 00:00:04]} e6 {[%clk 01:30:35]} {[%emt
00:00:25]} 2. d4 {[%clk 01:31:05]} {[%emt 00:00:21]} d5 {[%clk 01:30:45]}
{[%emt 00:00:19]} 3. Nc3 {[%clk 01:30:32]} {[%emt 00:01:05]} Bb4 {[%clk
01:27:50]} {[%emt 00:03:23]} 4. e5 {[%clk 01:29:39]} {[%emt 00:01:23]} c5
{[%clk 01:27:16]} {[%emt 00:01:05]} 5. a3 {[%clk 01:29:52]} {[%emt 00:00:18]}
Bxc3+ {[%clk 01:23:47]} {[%emt 00:03:57]} 6. bxc3 {[%clk 01:28:16]} {[%emt
00:02:08]} Ne7 {[%clk 01:21:57]} {[%emt 00:02:20]} 7. Qg4 {[%clk 01:25:18]}
{[%emt 00:03:27]} Qc7 {[%clk 01:18:24]} {[%emt 00:04:02]} 8. Qxg7 {[%clk
01:23:13]} {[%emt 00:02:36]} Rg8 {[%clk 01:18:44]} {[%emt 00:00:10]} 9. Qxh7
{[%clk 01:23:39]} {[%emt 00:00:04]} cxd4 {[%clk 01:13:31]} {[%emt 00:05:44]}
10. Ne2 {[%clk 01:15:05]} {[%emt 00:09:03]} dxc3 {[%clk 01:09:59]} {[%emt
00:04:02]} 11. f4 {[%clk 01:12:34]} {[%emt 00:03:01]} Nbc6 {[%clk 01:05:41]}
{[%emt 00:04:47]} 12. Qd3 {[%clk 01:08:48]} {[%emt 00:04:17]} d4 {[%clk
01:05:03]} {[%emt 00:01:08]} 13. Nxd4 {[%clk 01:05:17]} {[%emt 00:04:01]} Nxd4
{[%clk 01:05:10]} {[%emt 00:00:23]} 14. Qxd4 {[%clk 01:05:43]} {[%emt
00:00:05]} Bd7 {[%clk 01:00:56]} {[%emt 00:04:43]} 15. Rg1 {[%clk 01:03:00]}
{[%emt 00:03:12]} Nf5 {[%clk 01:01:11]} {[%emt 00:00:15]} 16. Qf2 {[%clk
01:03:10]} {[%emt 00:00:21]} Qc6 {[%clk 00:59:30]} {[%emt 00:02:11]} 17. Bd3
{[%clk 01:01:13]} {[%emt 00:02:27]} Qd5 {[%clk 00:58:17]} {[%emt 00:01:43]} 18.
Be3 {[%clk 00:57:50]} {[%emt 00:03:54]} Nxe3 {[%clk 00:56:33]} {[%emt
00:02:12]} 19. Qxe3 {[%clk 00:58:17]} {[%emt 00:00:04]} Rxg2 {[%clk 00:56:55]}
{[%emt 00:00:07]} 20. Rxg2 {[%clk 00:57:59]} {[%emt 00:00:48]} Qxg2 {[%clk
00:57:04]} {[%emt 00:00:20]} 21. Be4 {[%clk 00:56:50]} {[%emt 00:01:40]} Qxh2
{[%clk 00:55:56]} {[%emt 00:01:37]} 22. O-O-O {[%clk 00:55:41]} {[%emt
00:01:41]} Bc6 {[%clk 00:54:54]} {[%emt 00:01:31]} 23. Bxc6+ {[%clk 00:52:47]}
{[%emt 00:03:26]} bxc6 {[%clk 00:55:22]} {[%emt 00:00:01]} 24. Qd4 {[%clk
00:51:56]} {[%emt 00:01:21]} a5 {[%clk 00:53:18]} {[%emt 00:02:32]} 25. f5
{[%clk 00:48:36]} {[%emt 00:03:50]} exf5 {[%clk 00:50:34]} {[%emt 00:03:14]}
26. Kb1 {[%clk 00:46:26]} {[%emt 00:02:42]} Kf8 {[%clk 00:48:08]} {[%emt
00:02:55]} 27. Qd6+ {[%clk 00:45:12]} {[%emt 00:01:45]} Kg7 {[%clk 00:47:41]}
{[%emt 00:00:56]} 28. Qf6+ {[%clk 00:44:22]} {[%emt 00:01:20]} Kf8 {[%clk
00:47:49]} {[%emt 00:00:21]} 29. Qd6+ {[%clk 00:43:58]} {[%emt 00:00:56]} Kg7
{[%clk 00:47:41]} {[%emt 00:00:38]} 30. Qf6+ {[%clk 00:42:50]} {[%emt
00:01:38]} Kf8 {[%clk 00:47:55]} {[%emt 00:00:15]} 31. Qd6+ {[%emt 00:00:24]}
1/2-1/2

[Event "ODJM A 2025"]
[Site "Willingen GER"]
[Date "2025.06.13"]
[Round "8"]
[White "Schmidt, Boris"]
[Black "Storm, Max"]
[Result "1-0"]
[Termination "normal"]
[Board "15"]
[WhiteElo "1930"]
[BlackElo "2061"]
[WhiteClock "01:07:15"]
[BlackClock "00:23:00"]
[PlyCount "53"]
[WhiteFideId "16238036"]
[BlackFideId "34625658"]
[EventCountry "GER"]
[EventRounds "9"]
[EventType "swiss"]
[EventDate "2025.06.07"]

1. d4 {[%clk 01:30:57]} {[%emt 00:00:03]} Nf6 {[%clk 01:30:45]} {[%emt
00:00:15]} 2. c4 {[%clk 01:31:22]} {[%emt 00:00:05]} c6 {[%clk 01:31:09]}
{[%emt 00:00:06]} 3. Nc3 {[%clk 01:31:12]} {[%emt 00:00:40]} d5 {[%clk
01:31:27]} {[%emt 00:00:11]} 4. cxd5 {[%clk 01:31:38]} {[%emt 00:00:05]} cxd5
{[%clk 01:31:46]} {[%emt 00:00:09]} 5. Bf4 {[%clk 01:32:04]} {[%emt 00:00:06]}
Nc6 {[%clk 01:26:38]} {[%emt 00:05:37]} 6. e3 {[%clk 01:32:29]} {[%emt
00:00:05]} a6 {[%clk 01:25:51]} {[%emt 00:01:17]} 7. Bd3 {[%clk 01:32:54]}
{[%emt 00:00:05]} e6 {[%clk 01:23:04]} {[%emt 00:03:17]} 8. a3 {[%clk
01:32:48]} {[%emt 00:00:37]} Be7 {[%clk 01:22:09]} {[%emt 00:01:24]} 9. Nf3
{[%clk 01:28:30]} {[%emt 00:04:50]} Bd7 {[%clk 01:21:19]} {[%emt 00:01:19]} 10.
Ne5 {[%clk 01:26:53]} {[%emt 00:02:07]} Rc8 {[%clk 01:17:38]} {[%emt 00:04:11]}
11. Rc1 {[%clk 01:26:51]} {[%emt 00:00:33]} b5 {[%clk 01:09:21]} {[%emt
00:08:46]} 12. g4 {[%clk 01:24:30]} {[%emt 00:02:50]} h6 {[%clk 01:06:15]}
{[%emt 00:03:36]} 13. h4 {[%clk 01:23:10]} {[%emt 00:01:51]} Na5 {[%clk
01:02:17]} {[%emt 00:04:29]} 14. Qf3 {[%clk 01:22:01]} {[%emt 00:01:39]} Nb3
{[%clk 00:50:05]} {[%emt 00:12:41]} 15. Rd1 {[%clk 01:20:14]} {[%emt 00:02:17]}
Qa5 {[%clk 00:46:16]} {[%emt 00:04:18]} 16. g5 {[%clk 01:18:26]} {[%emt
00:02:19]} Rxc3 {[%clk 00:41:52]} {[%emt 00:04:55]} 17. bxc3 {[%clk 01:18:40]}
{[%emt 00:00:16]} Qxc3+ {[%clk 00:42:05]} {[%emt 00:00:16]} 18. Kf1 {[%clk
01:19:07]} {[%emt 00:00:03]} Nd2+ {[%clk 00:39:45]} {[%emt 00:02:50]} 19. Rxd2
{[%clk 01:19:28]} {[%emt 00:00:10]} Qxd2 {[%clk 00:40:00]} {[%emt 00:00:15]}
20. gxf6 {[%clk 01:17:03]} {[%emt 00:02:55]} gxf6 {[%clk 00:32:18]} {[%emt
00:08:12]} 21. e4 {[%clk 01:17:28]} {[%emt 00:00:05]} dxe4 {[%clk 00:31:28]}
{[%emt 00:01:20]} 22. Bxe4 {[%clk 01:17:52]} {[%emt 00:00:05]} Qxd4 {[%clk
00:30:49]} {[%emt 00:01:09]} 23. Nxd7 {[%clk 01:18:00]} {[%emt 00:00:24]} Rg8
{[%clk 00:22:54]} {[%emt 00:08:23]} 24. Bc6 {[%clk 01:09:55]} {[%emt 00:08:36]}
Qa1+ {[%clk 00:23:01]} {[%emt 00:00:22]} 25. Ke2 {[%clk 01:10:21]} {[%emt
00:00:04]} Qa2+ {[%clk 00:22:50]} {[%emt 00:00:42]} 26. Bd2 {[%clk 01:07:23]}
{[%emt 00:03:27]} Qc4+ {[%clk 00:23:00]} {[%emt 00:00:19]} 27. Ke1 {[%clk
01:07:15]} {[%emt 00:00:39]} 1-0

[Event "ODJM A 2025"]
[Site "Willingen GER"]
[Date "2025.06.13"]
[Round "8"]
[White "Martin Fernandez, Rafael"]
[Black "Nguyen, Phuc Nhat"]
[Result "1-0"]
[Termination "normal"]
[Board "16"]
[WhiteElo "1965"]
[BlackElo "1974"]
[WhiteClock "00:15:05"]
[BlackClock "00:04:49"]
[PlyCount "81"]
[WhiteFideId "34605550"]
[BlackFideId "16253590"]
[EventCountry "GER"]
[EventRounds "9"]
[EventType "swiss"]
[EventDate "2025.06.07"]

1. e4 {[%clk 01:30:57]} {[%emt 00:00:03]} Nc6 {[%clk 01:28:33]} {[%emt
00:02:27]} 2. d4 {[%clk 01:29:16]} {[%emt 00:02:11]} e5 {[%clk 01:28:37]}
{[%emt 00:00:27]} 3. d5 {[%clk 01:28:58]} {[%emt 00:00:49]} Nce7 {[%clk
01:28:56]} {[%emt 00:00:01]} 4. c4 {[%clk 01:27:44]} {[%emt 00:01:53]} Ng6
{[%clk 01:28:42]} {[%emt 00:00:43]} 5. Nc3 {[%clk 01:26:03]} {[%emt 00:02:11]}
Bc5 {[%clk 01:28:23]} {[%emt 00:00:49]} 6. g3 {[%clk 01:21:23]} {[%emt
00:05:10]} Nf6 {[%clk 01:27:21]} {[%emt 00:01:32]} 7. h4 {[%clk 01:20:47]}
{[%emt 00:01:06]} O-O {[%clk 01:15:26]} {[%emt 00:12:25]} 8. h5 {[%clk
01:16:24]} {[%emt 00:04:53]} Nh8 {[%clk 01:14:36]} {[%emt 00:01:20]} 9. h6
{[%clk 01:16:17]} {[%emt 00:00:38]} g6 {[%clk 01:14:55]} {[%emt 00:00:10]} 10.
Be2 {[%clk 01:14:16]} {[%emt 00:02:30]} Ne8 {[%clk 01:14:03]} {[%emt 00:01:23]}
11. Nh3 {[%clk 01:08:05]} {[%emt 00:06:41]} f5 {[%clk 01:06:57]} {[%emt
00:07:37]} 12. Bg5 {[%clk 01:04:29]} {[%emt 00:04:04]} Be7 {[%clk 01:04:22]}
{[%emt 00:03:06]} 13. Be3 {[%clk 01:00:41]} {[%emt 00:04:18]} d6 {[%clk
01:04:15]} {[%emt 00:00:38]} 14. Qd2 {[%clk 00:59:46]} {[%emt 00:01:25]} Nf7
{[%clk 01:01:30]} {[%emt 00:03:14]} 15. exf5 {[%clk 00:56:37]} {[%emt
00:03:39]} Bxf5 {[%clk 01:00:50]} {[%emt 00:01:10]} 16. g4 {[%clk 00:56:19]}
{[%emt 00:00:49]} Bd7 {[%clk 01:00:39]} {[%emt 00:00:40]} 17. O-O-O {[%clk
00:56:30]} {[%emt 00:00:19]} a6 {[%clk 00:55:10]} {[%emt 00:06:01]} 18. Rdf1
{[%clk 00:53:28]} {[%emt 00:03:31]} b5 {[%clk 00:53:22]} {[%emt 00:02:17]} 19.
f4 {[%clk 00:51:07]} {[%emt 00:02:50]} exf4 {[%clk 00:50:46]} {[%emt 00:03:07]}
20. Nxf4 {[%clk 00:49:11]} {[%emt 00:02:27]} bxc4 {[%clk 00:35:11]} {[%emt
00:16:05]} 21. Bd4 {[%clk 00:44:09]} {[%emt 00:05:31]} Ne5 {[%clk 00:31:25]}
{[%emt 00:04:16]} 22. Ne4 {[%clk 00:42:18]} {[%emt 00:02:21]} Bg5 {[%clk
00:21:40]} {[%emt 00:10:15]} 23. Nxg5 {[%clk 00:40:04]} {[%emt 00:02:45]} Qxg5
{[%clk 00:21:57]} {[%emt 00:00:12]} 24. Be3 {[%clk 00:38:07]} {[%emt 00:02:27]}
Qe7 {[%clk 00:22:19]} {[%emt 00:00:07]} 25. Qd4 {[%clk 00:35:35]} {[%emt
00:03:02]} Nf6 {[%clk 00:15:31]} {[%emt 00:07:19]} 26. g5 {[%clk 00:32:07]}
{[%emt 00:03:57]} Nfg4 {[%clk 00:14:58]} {[%emt 00:01:04]} 27. Bd2 {[%clk
00:28:44]} {[%emt 00:03:53]} Bf5 {[%clk 00:08:10]} {[%emt 00:07:18]} 28. Rfg1
{[%clk 00:27:30]} {[%emt 00:01:43]} Qd7 {[%clk 00:08:18]} {[%emt 00:00:22]} 29.
Bc3 {[%clk 00:24:43]} {[%emt 00:03:17]} Qa4 {[%clk 00:08:01]} {[%emt 00:00:47]}
30. Bd1 {[%clk 00:19:28]} {[%emt 00:05:44]} Qxa2 {[%clk 00:07:27]} {[%emt
00:01:06]} 31. Rxg4 {[%clk 00:19:01]} {[%emt 00:00:56]} Bxg4 {[%clk 00:06:02]}
{[%emt 00:01:56]} 32. Bxg4 {[%clk 00:19:05]} {[%emt 00:00:24]} Rxf4 {[%clk
00:05:58]} {[%emt 00:00:35]} 33. Be6+ {[%clk 00:19:11]} {[%emt 00:00:23]} Rf7
{[%clk 00:05:35]} {[%emt 00:00:53]} 34. Qe4 {[%clk 00:15:32]} {[%emt 00:04:09]}
Raf8 {[%clk 00:04:18]} {[%emt 00:01:48]} 35. Bxe5 {[%clk 00:14:38]} {[%emt
00:01:24]} Re8 {[%clk 00:03:03]} {[%emt 00:01:44]} 36. Qxg6+ {[%clk 00:14:02]}
{[%emt 00:01:06]} hxg6 {[%clk 00:03:22]} {[%emt 00:00:11]} 37. h7+ {[%clk
00:14:28]} {[%emt 00:00:05]} Kf8 {[%clk 00:03:45]} {[%emt 00:00:07]} 38. h8=Q+
{[%clk 00:14:53]} {[%emt 00:00:04]} Ke7 {[%clk 00:04:08]} {[%emt 00:00:07]} 39.
Qf6+ {[%clk 00:14:38]} {[%emt 00:00:45]} Rxf6 {[%clk 00:04:27]} {[%emt
00:00:12]} 40. Bxf6+ {[%clk 00:15:05]} {[%emt 00:00:02]} Kf8 {[%clk 00:04:49]}
{[%emt 00:00:08]} 41. Rh8# {[%emt 00:00:02]} 1-0